00777nam a2200241 a 450000500170000000800410001701000140005802000260007203500130009803500170011103700150012803700280014304000180017108200130018910000290020224500650023126000450029627000660034130000210040750000200042865000370044865100500048520020626165708.0000825s2001 nyu | b 00| 1 eng  aENG-91574 a9788124114377c295.00 aEN-75107 aB-359976-981 bDBAD / PUB bBook Mark Distribtuors  adplbEnglish  a320.9545 aChaudhury, Dipanjan Roy  aNortheast:cby Dipanjan Roy Chaudhury bdiverse complexity / aNew Delhi bHar-Anand Publicationsc2008 aE-49/3, Okhla Industrial Area, Phase-II, bNew Delhi e110020 a144p.c22cm (Hb) aIncludes index  aInsurgencyzIndia, Northeastern. aIndia, NortheasternxPolitics and government.